000 00884nam a2200289 i 4500
001 C2-0246506
003 PPAK
005 20180727211241.0
008 030324s2000 enka|||| ||||| | eng d
020 _a0751306207
040 _aPPAK
_beng
_cPPAK
_erda
082 0 4 _a618.175
_223
090 0 0 _a618.175
_bMAC
_dR
100 1 _aMacGregor, Anne,
_eauthor
110 2 _aThe British Medical Association
245 1 4 _aThe menopause & HRT
264 1 _aLondon :
_bDorling Kindersley ,
_c2000
300 _a96 pages :
_bcolour illustrations ;
_c21 cm
336 _2rdacontent
_atext
337 _2rdamedia
_aunmediated
338 _2rdacarrier
_avolume
490 1 _aFamily doctor guide to
650 1 0 _aMenopause ; Menopause - Hormone theraphy ; Women - Menopause
710 2 _aThe British Medical Association
_eorganizer
830 0 _aFamily doctor guide to
942 _ddc
_cB
999 _c60434
_d60434